Southeast Asia Trivia #3 - Statistics

General Stats
  • This quiz has been taken 23 times
    14 since last reset
  • The average score is 10 of 15
Answer Stats
Question Answer % Correct
Which is the most populated Southeast Asian nation? Indonesia
93%
Which South-East Asian empire constructed the Angkor Wat Temple in Cambodia? Khmer
93%
The Philippines is named after which European monarch? Phillip II of Spain
93%
Which Southeast Asian country is not a member of the British Commonwealth? Thailand
93%
Malaysia has its official language that is almost similar to Indonesia. Do you know what its official language is? Bahasa Malaysia
86%
Which Southeast Asian country was never a French possession? Malaysia
86%
Which is the main currency of Vietnam? Dong
79%
Which city is the most populous place in the Philippines? Quezon City
71%
Which Southeast Asian country is home to a Universal Studios theme park? Singapore
71%
Which Southeast Asian country replaces the rabbit with the cat in the Lunar/Eastern Zodiac? Vietnam
57%
Before Singapore got its name, it was known to be a fishing village. What was the ancient name of Singapore? Temasek
50%
When did Timor Leste hold its first presidential elections? 2002
43%
Out of these four statements, which one is not true about East Timor or Timor Leste? Timor Leste's main religion is Muslim.
43%
Which of these endangered animals can be found only in Vietnam? Saola
29%
What is the highest point in the island Singapore? Bukit Timah
21%
No matching quizzes found
Score Distribution
Percent of People with Each Score
Percentile by Number Answered
Your Score History
You have not taken this quiz since the last reset